• 首页
  • 本馆介绍
  • 公告通知
  • 最新文献
  • 馆藏检索
  • 电子资源
  • 读者导购
  • 参考咨询
  • 我的图书馆
  • 登录
  • 详细信息显示
  • 放入我的书架
  • 预约/预借图书
  • 作者相关作品
  • 分类相关作品
  • 丛书相关作品
  • 出版社相关作品

书目信息

  • 表格格式
  • 工作单格式
  • 卡片格式
题名:
泰戈尔与中国
    
 
作者: 泰戈尔 著 ;白开元 译
分册:  
出版信息: 桂林   漓江出版社  2016
页数: 272页
开本: 21cm
丛书名: 外国名作家文集·泰戈尔卷
单 册:
中图分类: I351.15
科图分类:
主题词: 现代文学--xian dai wen xue--作品综合集--印度
电子资源:
ISBN: 978-7-5407-7837-8
000 01045nam0 22002771 450
001 0127144031
005 20170427144031.0
010    @a978-7-5407-7837-8@dCNY35.00
100    @a20161111d2016 em y0chiy50 ea
101 1  @achi@cinc
102    @aCN@b450000
105    @aa z 000zy
106    @ar
200 1  @a泰戈尔与中国@Atai ge er yu zhong guo@f(印)泰戈尔(Rabindranath Tagore)著@g白开元译
210    @a桂林@c漓江出版社@d2016
215    @a272页@c图,照片@d21cm
225 2  @a外国名作家文集·泰戈尔卷@Awai guo ming zuo jia wen ji tai ge er juan
304    @a本书无题名页,按封面著录
330    @a本书译者从28卷本孟加拉语《泰戈尔全集》和三卷本《泰戈尔英语文集》中收集翻译了所有与中国有关的诗歌、书信、演讲和散文。
461  0 @12001 @a外国名作家文集·泰戈尔卷
606 0  @a现代文学@Axian dai wen xue@x作品综合集@y印度
690    @aI351.15@v5
701  1 @c(印)@a泰戈尔@Atai ge er@c(Tagore, Rabindranath@f1861-1941)@4著
702  0 @a白开元@Abai kai yuan@4译
801  0 @aCN@bTANGWEI@c20170308
905    @b0966183-6@dI351.15@e94@f4
    
    泰戈尔与中国/(印)泰戈尔(Rabindranath Tagore)著/白开元译.-桂林:漓江出版社,2016
    272页:图,照片;21cm.-(外国名作家文集·泰戈尔卷)
    
    
    ISBN 978-7-5407-7837-8:CNY35.00
    本书译者从28卷本孟加拉语《泰戈尔全集》和三卷本《泰戈尔英语文集》中收集翻译了所有与中国有关的诗歌、书信、演讲和散文。
●
相关链接 在E读中查询图书 在五车中查询图书 在当当中查询图书 在豆瓣中查询图书


正题名:泰戈尔与中国     索取号:I351.15/94         预约/预借

序号 登录号 条形码 馆藏地/架位号 状态 备注
1 0966183   209661837   第一样本阅览室/ [索取号:I351.15/94] 在馆    
2 0966184   209661846   第二借阅区/ [索取号:I351.15/94] 在馆    
3 0966185   209661855   第二借阅区/ [索取号:I351.15/94] 在馆    
4 0966186   209661864   第二借阅区/ [索取号:I351.15/94] 在馆    
唐山师范学院图书馆 欢迎您!
大连网信软件有限公司© 版权所有